The Many Faces of Political Islam: (Record no. 205318)

MARC details
000 -LEADER
fixed length control field 00702nam a22001937a 4500
005 - DATE AND TIME OF LATEST TRANSACTION
control field 20240827161522.0
010 ## - LCCN (DPL NO)
LC control number ENG-141479
020 ## - INTERNATIONAL STANDARD BOOK NUMBER
International Standard Book Number 9788178245584
Terms of availability 595.00
035 ## - SYSTEM CONTROL NUMBER
System control number EN-125011
037 ## - SOURCE OF ACQUISITION
Source of stock number/acquisition DBAD
082 ## - DEWEY DECIMAL CLASSIFICATION NUMBER
Classification number 320.557
Edition number 2
100 ## - MAIN ENTRY--PERSONAL NAME
Personal name Ayoob, Mohammed
245 ## - TITLE STATEMENT
Title The Many Faces of Political Islam:
Remainder of title Religion and Politics in Muslim Societies/
Statement of responsibility, etc By Mohammed Ayoob [and] Danielle N. Lussier
260 ## - PUBLICATION, DISTRIBUTION, ETC. (IMPRINT)
Place of publication, distribution, etc Ranikhet
Name of publisher, distributor, etc Permanent Black
Date of publication, distribution, etc 2020
270 ## - ADDRESS
Address Himalayana Mall Road,Ranikhet Cantt,
City Ranikhet
Postal code 263645
Electronic mail address perblack@gmail.com
300 ## - PHYSICAL DESCRIPTION
Extent xvi,245p.:
Dimensions 21cm(pb)
Other physical details Index
700 ## - ADDED ENTRY--PERSONAL NAME
Personal name Lussier, Danielle N.
Relator term Author
9 (RLIN) 70611
942 ## - ADDED ENTRY ELEMENTS (KOHA)
Source of classification or shelving scheme Dewey Decimal Classification
Item type English Books
Classification part 320.557
Call number suffix AYO
Edition 2
Holdings
Withdrawn status Lost status Not for loan Collection code Home library Current library Date acquired Source of acquisition Cost, normal purchase price Full call number Barcode Copy number Cost, replacement price Koha item type
      Non-fiction Central Library Central Library 27/08/2024 Delivery of Books Act Division 595.00 320.557 AYO EN-125011 1 595.00 English Books

© Delhi Public Library
Hit Counter
free hit counter